| 000 | 01141nam a22002657a 4500 | ||
|---|---|---|---|
| 005 | 20110728112413.0 | ||
| 008 | 110728t xxu||||| |||| 00| 0 mar d | ||
| 010 | _aMAR-21164 | ||
| 020 | _c150.00 | ||
| 035 | _aMR-13822 | ||
| 037 | _bDPL/PUB | ||
| 040 |
_aDPL _bMR |
||
| 082 | _a891.463 | ||
| 100 |
_930273 _aमाटे,ज्योती |
||
| 245 |
_aमी,वेलिंग्टन आणि रहस्य.... / _bज्योती माटे |
||
| 246 |
_aMee Valington Aani Rahasaya _bby Jyoti Matey |
||
| 260 |
_aपुणे _bदेशमुख आणि कंपनी पब्लि. _c2010 |
||
| 270 |
_a473,सदाशिव पेठ _bपुणे _e411030 |
||
| 300 |
_a139पृ _c21सेमी(अजिल्द) |
||
| 650 |
_aमराठी कादंबरी _930371 |
||
| 650 |
_aMarathi Fiction _930372 |
||
| 700 | _930338 | ||
| 942 |
_2ddc _cMR _h891.463 _mमाटेज्यो |
||
| 999 |
_c54541 _d54541 |
||